Evaluación de algunos estudios latinoamericanos sobre comunicación masiva, con especial referencia referencia a los escritos de Armand Mattelart
محفوظ في:
| المؤلف الرئيسي: | |
|---|---|
| التنسيق: | نص |
| منشور في: |
San José :
|
| الوسوم: |
إضافة وسم
لا توجد وسوم, كن أول من يضع وسما على هذه التسجيلة!
|
MARC
| LEADER | 00000 a a2200000 04500 | ||
|---|---|---|---|
| 001 | 15874 | ||
| 003 | |||
| 040 | |||
| 090 | |a 000700 | ||
| 100 | |a Assmann, Hugo | ||
| 245 | |a Evaluación de algunos estudios latinoamericanos sobre comunicación masiva, con especial referencia referencia a los escritos de Armand Mattelart | ||
| 260 | |a San José : | ||
| 300 | |a 43 p | ||
| 999 | |c 3010 |d 3010 | ||
